Southville International School and Colleges
Your cart is empty.
  • Cart
  • Lists
    Public lists Eva Luna New books Lux_list list_1
    Your lists Log in to create your own lists
  • Log in to your account
  • Your cookies
  • Search history
Southville International School and Colleges
  • Advanced search
  • Recent comments
  • Most popular
  • Libraries

Log in to your account

Log in with GOOGLE


If you do not have an external account, but do have a local account, you can still log in:

  1. Home
  2. MARC view: Ultrasound :
Normal view MARC view ISBD view

Ultrasound : (Record no. 358501)

[ view plain ]
MARC details
000 -LEADER
fixed length control field 00470nam a2200145Ia 4500
008 - FIXED-LENGTH DATA ELEMENTS--GENERAL INFORMATION
fixed length control field 180901s9999 xx 000 0 und d
020 ## - INTERNATIONAL STANDARD BOOK NUMBER
International Standard Book Number 9780323086189
100 ## - MAIN ENTRY--PERSONAL NAME
Personal name Hertzberg,Barbara S.
245 ## - TITLE STATEMENT
Statement of responsibility, etc Barbara S. Hertzberg, William D. Middleton.--
Title Ultrasound :
Remainder of title the requisites /
250 ## - EDITION STATEMENT
Edition statement 3rd ed
260 ## - PUBLICATION, DISTRIBUTION, ETC. (IMPRINT)
Place of publication, distribution, etc USA :
Name of publisher, distributor, etc Elsevier
Date of publication, distribution, etc 2016
300 ## - PHYSICAL DESCRIPTION
Extent xv, 612 pages :
Other physical details illustrations.
650 ## - SUBJECT ADDED ENTRY--TOPICAL TERM
Topical term or geographic name as entry element Diagnostic ultrasonic imaging.
650 ## - SUBJECT ADDED ENTRY--TOPICAL TERM
Topical term or geographic name as entry element Ultrasonics in obstetrics.
Holdings
Withdrawn status Lost status Damaged status Home library Current library Shelving location Date acquired Source of acquisition Total Checkouts Full call number Barcode Date last seen Price effective from Koha item type
      South SEED-LPDH College Library South SEED-LPDH College Library South SEED-LPDH College Section 09/01/2018 Library Fund   RC 78.7.U4 .H576 2016 SSLC1754 09/01/2018 09/01/2018 Books

Ultrasound :

APA

Hertzberg B. S., . (2016). Ultrasound. USA: Elsevier.

Chicago

Hertzberg Barbara S, . 2016. Ultrasound. USA: Elsevier.

Harvard

Hertzberg B. S., . (2016). Ultrasound. USA: Elsevier.

MLA

Hertzberg Barbara S, . Ultrasound. USA: Elsevier. 2016.

  • Place hold
  • Print
  • Cite
  • Add to your cart (remove)
  • Save record
    BIBTEX Dublin Core MARCXML MARC (non-Unicode/MARC-8) MARC (Unicode/UTF-8) MARC (Unicode/UTF-8, Standard) MODS (XML) RIS
  • More searches
    Search for this title in:
    Other Libraries (WorldCat) Other Databases (Google Scholar) Online Stores (Bookfinder.com) Open Library (openlibrary.org)

Exporting to Dublin Core...

SOUTHVILLE LIBRARY

Southville International School and Colleges Library

1281 Tropical Ave. Cor. Luxembourg St., BF Homes International, Las Pinas City

Tel. No. 8256374 / 252358 Loc. 117/146

Powered by Koha